000 00346pab a2200121 454500
008 180718b xxu||||| |||| 00| 0 eng d
100 _aDavenport Thomas H.
245 _aSaving it's soul: human-centered information management
362 _a72(2), Mar-Apr 1994, p.119-31
650 _aManagement
773 _aHarvard Business Review
909 _a27432
999 _c27432
_d27432